Deuterium target polarimeter at the vepp-3 storage ring; Nuclear Instruments and Methods in Physics Research Section A: Accelerators, Spectrometers, Detectors and Associated Equipment; Vol. 536, iss. 3
| Parent link: | Nuclear Instruments and Methods in Physics Research Section A: Accelerators, Spectrometers, Detectors and Associated Equipment Vol. 536, iss. 3.— 2005.— P. 344-349 |
|---|---|
| Övriga upphovsmän: | , , , , , , , , , , |
| Sammanfattning: | Proceedings of the 10th Workshop on Polarized Sources and Targets, Novosibirsk, Russia 22-26 September 2003 В фонде НТБ ТПУ отсутствует |
| Språk: | engelska |
| Publicerad: |
2005
|
| Ämnen: | |
| Materialtyp: | MixedMaterials Bokavsnitt |
| KOHA link: | https://koha.lib.tpu.ru/cgi-bin/koha/opac-detail.pl?biblionumber=599586 |
MARC
| LEADER | 00000naa0a2200000 4500 | ||
|---|---|---|---|
| 001 | 599586 | ||
| 005 | 20250410121221.0 | ||
| 035 | |a (RuTPU)RU\TPU\tpu\23690 | ||
| 035 | |a RU\TPU\tpu\23599 | ||
| 090 | |a 599586 | ||
| 100 | |a 20130921d2005 k||y0rusy50 ba | ||
| 101 | 0 | |a eng | |
| 102 | |a NL | ||
| 200 | 1 | |a Deuterium target polarimeter at the vepp-3 storage ring |f M. V. Dyug [et al.] | |
| 300 | |a Proceedings of the 10th Workshop on Polarized Sources and Targets, Novosibirsk, Russia 22-26 September 2003 | ||
| 333 | |a В фонде НТБ ТПУ отсутствует | ||
| 461 | |t Nuclear Instruments and Methods in Physics Research Section A: Accelerators, Spectrometers, Detectors and Associated Equipment | ||
| 463 | |t Vol. 536, iss. 3 |v P. 344-349 |d 2005 | ||
| 610 | 1 | |a труды учёных ТПУ | |
| 701 | 1 | |a Dyug |b M. V. | |
| 701 | 1 | |a Lazarenko |b B. A. | |
| 701 | 1 | |a Mishnev |b S. I. | |
| 701 | 1 | |a Nikolenko |b D. M. | |
| 701 | 1 | |a Rachek |b I. A. | |
| 701 | 1 | |a Shestakov |b Y.V. | |
| 701 | 1 | |a Sadykov |b R. S. | |
| 701 | 1 | |a Toporkov |b D. K. | |
| 701 | 1 | |a Zevakov |b S. A. | |
| 701 | 1 | |a Osipov |b A.V. | |
| 701 | 1 | |a Stibunov |b V. N. |c Head of the laboratory of Tomsk Polytechnic University, Doctor of physical and mathematical science |c Russian nuclear physicist |f 1943- |g Victor Nikolaevich |3 (RuTPU)RU\TPU\pers\31002 | |
| 801 | 1 | |a RU |b 63413507 |c 20100524 | |
| 801 | 2 | |a RU |b 63413507 |c 20140204 |g RCR | |
| 942 | |c CR | ||